Videospiele erraten - Statistiken

Allgemein
  • Dieses Quiz wurde 1.857 mal gespielt
  • Das Durchschnittsergebnis liegt bei 9 aus 15
Antwortstatistiken
Frage Antwort % Korrekt
Wie heißt der Klempner, der die Hauptrolle in einer berühmten Nintendo-Spielreihe spielt? Mario
100%
Welches Spiel ermöglicht es den Spielern, in einer offenen Welt Gangster-Aktivitäten auszuführen? GTA
85%
Welches Spiel simuliert das Leben von Menschen und lässt sie Beziehungen aufbauen und Karrieren verfolgen? Sims
85%
In welchem Rennspiel können Spieler auf einer Strecke namens "Rainbow Road" fahren? Mario Kart
84%
In welchem Spiel können Spieler mit farbigen Tintenwaffen kämpfen, um Gebiete zu erobern? Splatoon
73%
Welches Spiel lässt Spieler im Wilden Westen als Arthur Morgan in einer Bande reiten und rauben? Red Dead Redemption
72%
In welchem Sci-Fi-Shooter können Spieler als Master Chief gegen die außerirdische Bedrohung kämpfen? Halo
71%
Welches Spiel führte das Battle-Royale-Genre mit 100 Spielern auf einer Insel ein? PUBG
71%
In welchem Spiel lebt man als Spieler mit tierischen Nachbarn auf einer Insel? Animal Crossing
58%
Welches Spiel ist ein Multiplayer Online Battle Arena (MOBA) und lässt Teams von Helden gegeneinander antreten? League of Legends
55%
In welchem Spiel müssen Spieler in einer postapokalyptischen Welt gegen Zombies überleben? The Last Of Us
49%
Welches Spiel handelt von einem geheimnisvollen Fremden namens "The Vault Dweller"? Fallout
37%
In welchem Spiel kontrollieren Spieler ein kleines Kind, das in einer albtraumhaften Welt überleben muss? Little Nightmares
28%
Welches Spiel lässt Spieler ihre eigene Welt mit Blöcken im Lego-Stil gestalten? Roblox
25%
In welchem Spiel kontrollieren Spieler ein Kind namens Frisk, das in eine Unterwelt mit Monstern gerät? Undertale
17%
Keine übereinstimmenden Quizze gefunden
Verteilung der Resultate
Anzahl Personen mit jedem Resultat
Perzentil nach korrekt beantworteten Fragen
Ihre Resultats-Entwicklung
Sie haben dieses Quiz noch nicht gespielt